000 00413nam a2200133Ia 4500
008 151001s9999||||xx |||||||||||||| ||und||
100 _aवेर्णर डेव्हिड
245 _aडॉक्टर नसेल तेथे
250 _a4
260 _bसुमंगल पब्लिकेशन कंपनी मुंबई
260 _c1995
300 _a263
365 _b26
999 _c974165
_d974162